000
00306nam a2200133Ia 4500
999
_c
3
_d
3
003
OSt
008
191201s2007 xx 000 0 und d
100
_a
RONHUBBARD, L
245
0
_a
Creation of Human Ability
260
_a
N. delhi
_b
Hubbard Pub
_c
2007
300
_a
529
650
_a
General Books
942
_2
ddc
_c
BK